000 nam a22 7a 4500
999 _c8214
_d8214
008 171212b xxu||||| |||| 00| 0 eng d
100 _aSequeria.W.etal.
_94641
245 _aKidnapped
260 _c1998